Gitagovinda and Odisha / (Record no. 77008)

MARC details
000 -LEADER
fixed length control field 01022nam a22002657a 4500
005 - DATE AND TIME OF LATEST TRANSACTION
control field 20130913114343.0
010 ## - LCCN (DPL NO)
LC control number ENG-107773
020 ## - INTERNATIONAL STANDARD BOOK NUMBER
International Standard Book Number 9789381523506
Terms of availability 1495.00
035 ## - SYSTEM CONTROL NUMBER
System control number EN-91306
037 ## - SOURCE OF ACQUISITION
Source of stock number/acquisition DBAD/PUB
082 ## - DEWEY DECIMAL CLASSIFICATION NUMBER
Classification number 230.31
245 ## - TITLE STATEMENT
Title Gitagovinda and Odisha /
Statement of responsibility, etc edited by Dinanath Pathy [and] Bijaya Kumar Rath
260 ## - PUBLICATION, DISTRIBUTION, ETC. (IMPRINT)
Place of publication, distribution, etc New Delhi
Name of publisher, distributor, etc Niyogi Books
Date of publication, distribution, etc 2012
270 ## - ADDRESS
Address D-78, Okhla Industrial Area, Phase-I
City New Delhi
Postal code 110020
300 ## - PHYSICAL DESCRIPTION
Extent 295p. :
Dimensions 27cm(Hb)
Other physical details col. ill., col. maps ;
500 ## - GENERAL NOTE
General note Includes bibliographical references (p. [286]-290) and index.
500 ## - GENERAL NOTE
General note Includes English translation of Gītagovinda translated by Mahamedhanandanatha Saraswati.
600 ## - SUBJECT ADDED ENTRY--PERSONAL NAME
Personal name Jayadeva,
Dates associated with a name active 12th century
650 ## - SUBJECT ADDED ENTRY--TOPICAL TERM
Topical term or geographic name as entry element Love poetry, Sanskrit
Geographic subdivision India
-- Orissa.
650 ## - SUBJECT ADDED ENTRY--TOPICAL TERM
Topical term or geographic name as entry element Krishna (Hindu deity) in the performing arts.
650 ## - SUBJECT ADDED ENTRY--TOPICAL TERM
Topical term or geographic name as entry element Krishna (Hindu deity) in literature.
700 ## - ADDED ENTRY--PERSONAL NAME
Personal name Pathy, Dinanath
700 ## - ADDED ENTRY--PERSONAL NAME
Personal name Rath, Bijaya Kumar
942 ## - ADDED ENTRY ELEMENTS (KOHA)
Source of classification or shelving scheme Dewey Decimal Classification
Item type English Books
Call number suffix GIT
Classification part 230.31
Holdings
Withdrawn status Lost status Not for loan Collection code Home library Current library Date acquired Source of acquisition Cost, normal purchase price Full call number Barcode Copy number Cost, replacement price Koha item type
    Not For Loan Non-fiction D.B.Act.Division D.B.Act.Division 27/06/2013 DBAD/PUB 1495.00 230.31 GIT EN-91306 1 1495.00 English Books

© Delhi Public Library
Hit Counter
free hit counter